| 000 | 00433nam a2200169 a 4500 | ||
|---|---|---|---|
| 001 | 38074 | ||
| 005 | 20230414123611.0 | ||
| 008 | 140415s2000 000 0 spa d | ||
| 020 | _a970102480X | ||
| 041 | _aspa | ||
| 082 |
_a616.992 _bINS |
||
| 100 | 1 | _aINSTITUTO NACIONAL DE CANCEROLOGIA | |
| 245 | 1 | 0 | _aMANUAL DE ONCOLOGIA |
| 260 |
_a[s.l.] : _bMCGRAW-HILL INTERAMERICANA EDITORES, _c2000 |
||
| 300 | _a774 | ||
| 650 | 1 | 4 | _aONCOLOGIA |
| 999 |
_c38074 _d38074 |
||